Materiały do ćwiczeń z łąkarstwa / (Rekord nr 34461)
| 000 -ETYKIETA REKORDU | |
|---|---|
| podpole kontrolne o stałej długości | 00850nam a2200241 i 4500 |
| 001 - NUMER KONTROLNY REKORDU | |
| pole kontrolne | bg |
| 020 ## - MIĘDZYNARODOWY ZNORMALIZOWANY NUMER KSIĄŻKI - ISBN | |
| ISBN | 8300030859 |
| 040 ## - ŹRÓDŁO KATALOGOWANIA | |
| Instytucja, która utworzyła rekord | BPK |
| 041 0# - KOD JĘZYKA | |
| Kod języka tekstu | pl |
| 080 ## - UNIWERSALNA KLASYFIKACJA DZIESIĘTNA - UKD | |
| UKD | 633.2(075.8) |
| 920 ## - Międzynarodowy znormalizowany numer książki – ISBN | |
| ISBN | 83-00-03085-9 |
| 008 - POLE O STAŁEJ DŁUGOŚCI - DANE KONTROLNE | |
| podpole kontrolne o stałej długości | s pl f |000 0 pol |
| 245 00 - TYTUŁ/ODPOWIEDZIALNOŚĆ | |
| Tytuł | Materiały do ćwiczeń z łąkarstwa / |
| Pozostałe elementy strefy tytułu i oznaczenia odpowiedzialności | [aut. Barbara Rutkowska et al.] ; Szkoła Główna Gospodarstwa Wiejskiego w Warszawie. |
| 250 ## - STREFA WYDANIA | |
| Oznaczenie wydania | Wyd. 3 popr. i uzup. |
| 260 ## - STREFA ADRESU WYDAWNICZEGO | |
| Miejsce wydania | Warszawa : |
| Nazwa wydawcy/dystrybutora | Wydaw. SGGW, |
| Data publikacji, dystrybucji/powstania dokumentu | 1997 |
| Miejsce produkcji | (Warsz. : |
| Nazwa producenta | SGGW). |
| 300 ## - STREFA OPISU FIZYCZNEGO | |
| Objętość | 145, [2] s. : |
| Inne cechy fizyczne | rys. ; |
| Rozmiary | 24 cm. |
| 504 ## - UWAGA DOTYCZĄCA BIBLIOGRAFII | |
| Informacje o bibliografii | Bibliogr. s. [147]. - Indeks. |
| 521 ## - UWAGA DOTYCZĄCA PRZEZNACZENIA CZYTELNICZEGO | |
| Przeznaczenie czytelnicze | Skrypt dla studentów wydz. Rolniczego, Zootechnicznego, Ekonomiczno-Rolniczego oraz Techniki Rolniczej i Leśnej. |
| 650 #9 - HASŁO PRZEDMIOTOWE W FORMIE NAZWY OGÓLNEJ LUB JEDNOSTKOWEJ | |
| Nazwa ogólna lub geograficzna | Łąki i pastwiska |
| 655 ## - TERMIN INDEKSOWY - OKREŚLENIE RODZAJU/FORMY DOKUMENTU | |
| Określenie rodzaju/formy dokumentu | Podręczniki akademickie |
| 700 1# - HASŁO DODATKOWE - NAZWA OSOBOWA | |
| Nazwa osobowa | RUTKOWSKA, Barbara. |
| 856 ## - LOKALIZACJA I DOSTĘP DO ELEKTRONICZNYCH DOKUMENTÓW ZDALNYCH | |
| Link (URL) | http://koha.tu.koszalin.pl/cgi-bin/koha/opac-detail.pl?biblionumber=34461 |
| Tekst linku | Katalog online BPK |
| 942 ## - DODATKOWE ELEMENTY (KOHA) | |
| Typ dokumentu | Książka |
| Wycofany | Status egzemplarza | Uszkodzony | Dostępność | Lokalizacja stała | Lokalizacja bieżąca | Miejsce przechowywania | Sygnatura | Kod kreskowy | Typ dokumentu |
|---|---|---|---|---|---|---|---|---|---|
| Dostępny | Biblioteka Politechniki Koszalińskiej | Biblioteka Politechniki Koszalińskiej | Wypożyczalnia BG | 47763 | 01405309 | Książka |
